[Event "Platonov Memorial"]
[Site "Kiev"]
[Date "1995.??.??"]
[Round "6"]
[White "Baklan, Vladimir"]
[Black "Mikhalevski, Victor"]
[Result "1-0"]
[WhiteElo "2490"]
[BlackElo "2495"]
[Annotator "King,D"]
[PlyCount "79"]
[EventDate "1995.??.??"]
[EventType "tourn"]
[EventRounds "13"]
[EventCountry "UKR"]
[EventCategory "10"]
[SourceTitle "CBM 051"]
[Source "ChessBase"]
[SourceDate "1996.04.01"]
[SourceVersion "1"]
[SourceVersionDate "1996.04.01"]
[SourceQuality "1"]

1. e4 e5 2. Nf3 Nc6 3. Bb5 a6 4. Bxc6 dxc6 5. O-O Qd6 6. d3 f6 7. Be3 Bg4 8.
Nbd2 Ne7 9. h3 Be6 10. d4 Ng6 11. Qe2 O-O-O 12. dxe5 fxe5 13. Rfd1 Be7 14. a3
c5 15. Ng5 Bxg5 16. Nf3 Bc4 17. Qxc4 Qxd1+ 18. Rxd1 Rxd1+ 19. Kh2 Bxe3 20. fxe3
Rd7 21. h4 {The queen needs targets to attack. In the games that we have seen
so far, these were not evident, so her majesty was relatively ineffective.  
However, when there are weaknesses, and the queen has the initiative, then she
turns into a heat-seeking guided missile with a nuclear war-head. This is a
great example from a recent tournament. It is actually queen against two rooks,
rather than rook and minor piece, but the same principles apply.  From a
seemingly innocuous position, White uses his initiative to create weaknesses,
discoordinate Black's forces, and finally to win material. The queen and
knight are well known as a deadly duo: as the queen moves like a rook and
bishop, but not a knight, then they compliment each other perfectly.    The
queen needs targets to attack. In the games that we have seen so far, these
were not evident, so her majesty was relatively ineffective.   However, when
there are weaknesses, and the queen has the initiative, then she turns into a
heat-seeking guided missile with a nuclear war-head. This is a great example
from a recent tournament. It is actually queen against two rooks, rather than
rook and minor piece, but the same principles apply.  From a seemingly
innocuous position, White uses his initiative to create weaknesses,
discoordinate Black's forces, and finally to win material. The queen and
knight are well known as a deadly duo: as the queen moves like a rook and
bishop, but not a knight, then they compliment each other perfectly.} Re8 (
21... h5 {was possible, but at least White would have extracted a concession
from Black: the knight on g6 is left unprotected, and the h and g pawns would
be ragged.}) 22. Qxc5 Kb8 23. h5 Nf8 24. Nxe5 Rde7 25. Nc4 Rxe4 26. Qd5 {
A beautiful move, exposing a momentary lack of coordination in Black's army.
The knight, for instance, is unable to move. It might have been a different
story had the Black knight been able to post itself on f6.  While the Black
pieces sort themselves out, White begins the attack against the king.} R4e6 27.
Na5 c6 28. Qb3 R8e7 29. Qb4 {Another impressive creeping move. the queen is
able to pinpoint and exploit the slightest weakness in Black's position. There
is no defence to the twin threats of Nxb7 and Nxc6.} Rf7 30. Nxb7 {Now the
game turns into a rout. Black cannot keep his position together while his king
is permanently exposed, and every single one of his pieces, rooks and pawns,
are potentially vulnerable.} Rxb7 31. Qxf8+ Ka7 32. Qc5+ Kb8 33. Qc4 Rh6 34.
Qxa6 Rxh5+ 35. Kg1 Rc5 36. Qd3 Rd5 37. Qxh7 Rd1+ 38. Kh2 Rxb2 39. Qxg7 Rxc2 40.
Qh8+ 1-0

[Event "Grenke Chess Classic 6th"]
[Site "Karlsruhe/Baden Baden"]
[Date "2019.04.21"]
[Round "2"]
[White "Naiditsch, Arkadij"]
[Black "Svidler, Peter"]
[Result "0-1"]
[WhiteElo "2695"]
[BlackElo "2735"]
[Annotator "Krasenkow,M"]
[PlyCount "78"]
[EventDate "2019.04.20"]
[EventType "tourn"]
[EventRounds "9"]
[EventCountry "GER"]
[EventCategory "19"]
[SourceTitle "CBM 190"]
[Source "ChessBase"]
[SourceDate "2019.06.30"]
[SourceVersion "1"]
[SourceVersionDate "2019.06.30"]
[SourceQuality "1"]

{[%evp 0,78,28,28,18,33,34,9,18,8,28,19,31,36,36,36,36,31,28,24,31,35,55,36,28,
2,36,34,35,36,34,21,40,30,42,46,32,21,34,13,24,-3,21,25,30,6,11,6,-2,-20,-17,
-31,-11,-18,-7,-17,-44,-42,-26,-51,-17,-76,-82,-78,-86,-105,-135,-165,-139,
-147,-175,-207,-204,-216,-198,-205,-182,-356,-341,-416,-375]} 1. e4 e5 2. Nf3
Nc6 3. Bb5 a6 4. Bxc6 dxc6 5. O-O Qf6 6. d4 exd4 7. Bg5 Qd6 8. Nxd4 Be7 9. Bxe7
Nxe7 10. Nc3 Bd7 11. Nde2 (11. Nb3 {is more common here.}) 11... O-O-O (11...
Qxd1 12. Rfxd1 Ng6 13. Rd2 O-O-O 14. Rad1 Rhe8 15. f3 Re7 16. Ng3 Rde8 17. Nh5
f6 18. Ne2 $14 {1/2 (159) Rausis,I (2525)-Semcesen,D (2465) Borup 2009}) 12.
Qc1 (12. Qd4 Qxd4 13. Nxd4 c5 (13... Bg4 14. Nb3 b6 15. f3 Be6 16. Nc1 c5 17.
Rf2 Nc6 18. N1e2 f6 19. Nf4 Bf7 $11 {1/2 (32) Romero Holmes,A (2451)-Delchev,A
(2604) Linares 2015}) 14. Nde2 b5 (14... Bc6 15. Ng3 h5 16. Rfd1 h4 17. Nf1 f5
18. f3 Rd4 19. exf5 h3 20. Ng3 hxg2 21. Nce4 Rf8 $11 {0-1 (41) Liu,G (2358)
-Zhou,J (2574) China 2014}) (14... Be6 15. Rfd1 Nc6 16. Nd5 Rhe8 17. Ne3 Nd4
18. Nf4 g5 {1/2 (18) Alsina Leal,D (2435)-Bartel,M (2608) L'Estartit 2007}) 15.
Rfd1 Bc6 16. Ng3 h5 (16... b4 17. Nce2 g6 18. f3 Bb5 19. Kf2 Kb7 20. Nf4 a5 21.
h4 h6 22. h5 $13 {0-1 (40) Bedouin,X (2341)-Lagarde,M (2575) Sables d'Olonne
2016}) 17. f3 h4 18. Nf1 b4 19. Rxd8+ Rxd8 20. Nd1 h3 21. Nf2 hxg2 22. Kxg2 f5
23. Re1 Ng6 $132 {1/2 (35) Meier,G (2437)-Ragger,M (2434) Vienna 2005}) (12.
Qxd6 cxd6 13. Rad1 (13. f3 Kc7 14. Nf4 g5 15. Nh5 f5 16. Rae1 f4 17. Nf6 Bc8
18. e5 d5 $15 {1/2 (29) Schlenther,M (2428)-Szczepanski,Z (2464) Lechenicher
SchachServer 2011}) 13... Kc7 14. f3 f5 15. Ng3 h6 16. Rfe1 fxe4 17. Ncxe4 Nc8
18. Nh5 Rhg8 19. g4 Rde8 20. Kg2 Re7 21. Nf2 Rf7 $11 {0-1 (35) Zakaryan,D 
(2315)-Maiorov,N (2560) Voronezh 2015}) 12... Ng6 (12... Rhe8 13. Qe3 Kb8 14.
Rad1 Qe5 15. Qf4 Qxf4 16. Nxf4 g6 17. f3 Nc8 18. g4 Nd6 19. Kf2 Re7 20. h4 $14
{0-1 (92) Guseinov,G (2664)-Yu,Y (2761) Astana 2019}) (12... Bg4 $5 $146 13.
Nf4 Ng6 14. Nd3 f6 15. Qe3 Kb8 16. f4 Bc8 17. Rad1 Qe7 18. Rde1 b6 19. Qg3 Rd4
$13 {0-1 (57) Jakovenko,D (2738)-Svidler,P (2734) Khanty-Mansiysk 2015 CBM 167
[Marin,M]}) (12... Qc5 $5 {preventing Qc1-e3} 13. Rb1 (13. Qf4 f5 14. Ng3 h6
15. Rae1 Ng6 16. Qe3 Qxe3 17. fxe3 fxe4 18. Ncxe4 b6 19. b3 c5 $15 {0-1 (54)
Erzhanov,A (2278)-Batchuluun,T (2523) St Petersburg 2014}) 13... Kb8 (13... b6
14. b4 Qc4 {1/2 (89) Luther,T (2567)-Melkumyan,H (2632) Austria 2016} 15. Qg5
Ng6 16. Rfd1 $13) 14. b4 Qc4 15. a4 Ng6 16. Qe3 $1 $13 (16. Qa3 $6 b6 17. b5 a5
18. Ng3 Nf4 $17 {0-1 (42) Speck,N (2389)-Schandorff,L (2521) Turin 2006})) 13.
Qe3 Kb8 14. Rad1 Qe7 15. f4 (15. Rd2 Ne5 16. b3 Bc8 $11 {1/2 (39) Radjabov,T 
(2751)-Adams,M (2729) Baku 2008}) 15... Bc8 $11 {Black has successfully
rearranged his pieces and has no problems.} (15... Bg4 16. Rxd8+ Rxd8 17. Nc1
Bc8 18. Nd3 a5 19. Rd1 b6 20. Nf2 $11 {1/2 (32) Clement,G (2315)-Sherwood,R 
(2179) Lechenicher SchachServer 2013}) 16. Nc1 $6 (16. Rd3 $5 $11) 16... Rxd1
17. Rxd1 b6 $36 {[%mdl 32] , and Black consequently conducted an assault on
White's e4 pawn. It is even unclear where White made a mistake in further play!
} 18. Nd3 a5 19. Re1 Ba6 $1 20. Nf2 Re8 21. a3 f6 22. Ne2 {Perhaps this
manoeuvre is wrong but passive defence didn't guarantee him survival either.}
Bb7 23. Ng3 c5 24. Nf5 Qf7 25. Rd1 Nf8 $1 26. c3 a4 27. h3 Ne6 28. Ng3 Bc6 29.
Rd2 Nd8 $1 30. Qd3 Nb7 31. Kh2 Nd6 32. Rd1 h5 33. Re1 h4 34. Nf1 Qb3 35. e5
fxe5 36. fxe5 Qxb2 37. Re2 Qb5 38. Qc2 Nc4 39. e6 Nxa3 0-1

[Event "Reggio Emilia 9697 39th"]
[Site "Reggio Emilia"]
[Date "1996.12.30"]
[Round "5"]
[White "Godena, Michele"]
[Black "Krasenkow, Michal"]
[Result "1/2-1/2"]
[WhiteElo "2550"]
[BlackElo "2605"]
[Annotator "Krasenkow,M"]
[PlyCount "46"]
[EventDate "1996.12.26"]
[EventType "tourn"]
[EventRounds "9"]
[EventCountry "ITA"]
[EventCategory "11"]
[SourceTitle "CBM 057"]
[Source "ChessBase"]
[SourceDate "1997.04.01"]
[SourceVersion "1"]
[SourceVersionDate "1997.04.01"]
[SourceQuality "1"]

1. e4 e5 2. Nf3 Nc6 3. Bb5 a6 4. Bxc6 dxc6 5. O-O Qd6 6. Na3 Be6 7. Qe2 f6 8.
Rd1 c5 9. c3 Bg4 10. h3 Bxf3 11. Qxf3 Ne7 12. d4 cxd4 13. cxd4 exd4 14. Bf4 Qd7
$146 15. Rac1 (15. Qb3 O-O-O (15... c5 16. Nc4 Nc8 17. e5 $40) 16. Rac1 Nc6 17.
Nc4 Bc5 $13) 15... Nc6 16. Nc2 (16. Nc4 Be7 $13) (16. Qb3 O-O-O $13) 16... Rd8
(16... Bc5 $4 17. Qh5+) (16... O-O-O $2 17. Nxd4) 17. Qb3 (17. Qg3 Qe6 18. Bxc7
Rd7 19. Bb6 Bd6 $13) (17. Ne3 Bd6 18. Bxd6 $140 $2 dxe3 $1 19. Bc5 exf2+ 20.
Bxf2 Qf7 $17) 17... Qc8 (17... Na5 $2 18. Qg3 c5 19. Bc7 Bd6 20. Bxd6 Qxd6 21.
Qxg7 $16) (17... b6 18. Qg3) (17... b5 18. Ne3 $44 Bd6 $140 19. Bxd6 dxe3 20.
Bc5 $16) 18. Qc4 {/\19.b4,20.a4-><<} (18. Nxd4 $2 Rxd4) 18... Bd6 19. Bxd6 Rxd6
20. Nb4 (20. Nxd4 $4 Qd7) 20... Qd7 (20... Nxb4 21. Qxb4 O-O 22. Qxd6 cxd6 23.
Rxc8 Rxc8 24. Rxd4 Rc1+ 25. Kh2 Rc2 $10) 21. Nxc6 Rxc6 22. Qb4 Rb6 $6 (22...
Rxc1 23. Rxc1 c6 24. Rd1 d3 25. Qc4 d2 26. Qb4 Qe7 $10) 23. Qc4 $6 (23. Qc5 Rc6
24. Qa7 Rxc1 25. Rxc1 Qc8 (25... O-O $6 26. Qxb7 $14) 26. Qxd4 O-O 27. Rd1 $14
(27. Qc4+ Rf7)) 23... Rc6 1/2-1/2

[Event "POL-chT 52nd"]
[Site "Augustow"]
[Date "1996.11.27"]
[Round "1"]
[White "Rozentalis, Eduardas"]
[Black "Krasenkow, Michal"]
[Result "1/2-1/2"]
[WhiteElo "2605"]
[BlackElo "2610"]
[Annotator "Krasenkow,M"]
[PlyCount "100"]
[EventDate "1996.11.27"]
[EventType "team-tourn"]
[EventRounds "11"]
[EventCountry "POL"]
[SourceTitle "CBM 057"]
[Source "ChessBase"]
[SourceDate "1997.04.01"]
[SourceVersion "1"]
[SourceVersionDate "1997.04.01"]
[SourceQuality "1"]
[WhiteTeam "Warszawa Polonia"]
[BlackTeam "Gorzow Welkopolski"]
[WhiteTeamCountry "POL"]
[BlackTeamCountry "POL"]

1. e4 e5 2. Nf3 Nc6 3. Bb5 a6 4. Bxc6 dxc6 5. O-O Qd6 6. d3 f6 7. Be3 c5 8.
Nbd2 Be6 9. a3 $1 $146 Qd7 (9... Ne7 10. b4 $1) 10. Qe2 Bd6 11. c3 Ne7 12. b4
cxb4 13. axb4 Ng6 14. Rfb1 O-O 15. Nb3 $14 f5 $6 16. Ng5 f4 (16... Bxb3 17.
Rxb3 f4 (17... h6 18. exf5 Rxf5 19. Ne4 $14) 18. Bd2 h6 (18... Nh4 19. Qh5 h6
20. Qxh4 hxg5 (20... Be7 $2 21. Qh3) 21. Qxg5 $16) 19. Nf3 {/\20.d4|^}) 17. Nc5
$1 (17. Bd2 $2 f3 $1 18. Nxf3 Bg4 $17) 17... Bxc5 18. Bxc5 Rf6 (18... f3 19.
Nxf3 Bg4 20. Bxf8 Rxf8 (20... Nh4 $2 21. Nxe5) 21. Qa2+ Be6 22. Qa4 Qxd3 23.
Ng5 $16) 19. f3 $1 (19. Nxe6 $2 f3 $1) 19... Nh4 20. Bf2 $1 (20. Nxe6 $2 Rg6 $1
) 20... Rh6 {/\21...Nxg2} (20... Nxg2 $2 21. Nxe6 Rg6 22. Nc5 Qh3 23. Kh1 $18)
21. Bxh4 Rxh4 22. b5 $6 (22. Ra5 h6 23. Nxe6 Qxe6 24. d4 $16 {xRh4}) 22... a5
23. b6 c6 24. Ra3 $4 (24. d4 $14) 24... Rh6 $4 (24... Qe7 25. Nxe6 Qxa3 $19)
25. Rba1 Qd8 26. Nxe6 Rxe6 27. d4 Qxb6 28. Qa2 Kf7 29. Rb1 $44 Qa7 30. Kh1 exd4
31. cxd4 Qxd4 32. Rxb7+ Kf6 33. h3 a4 34. Qe2 Kg6 $2 (34... Rd8 $13) 35. Rd3 $1
Qa1+ 36. Rd1 Qe5 37. Rdd7 a3 $2 $138 (37... Rd6 $2 38. Rxd6+ Qxd6 39. e5 Qd5 (
39... Qe6 40. Qe4+ Kh6 41. Rc7 $1 Ra6 42. Qxf4+ g5 43. Qf8+ $18) 40. Qc2+ Kh6
41. Qf5 $18) (37... Kh6 $1 38. Qf2 (38. Rxg7 Qxg7 39. Rxg7 Kxg7 40. Qb2+ Kg8
41. Qb7 Ree8 42. Qxc6 a3 $10) 38... Rg6 39. Qh4+ Qh5 40. Qxf4+ Qg5 41. Qxg5+
Kxg5 (41... Rxg5 42. f4 $1 Rb5 43. Rbc7 $40) 42. Ra7 $14) 38. Qa2 Kh6 $2 (38...
Rg8 39. Qxa3 $16 {xKg6}) (38... Ree8 39. Qf7+ Kg5 (39... Kh6 40. Rd6+ Qxd6 41.
Qxg7+ Kh5 42. Qxh7+ Qh6 43. Qf5+ $18) 40. g3 $3 Re6 $1 {/\41...Qa1+ 42.Kg2 Qa2+
} (40... fxg3 41. f4+ Qxf4 42. Qxg7+ Kh5 43. Qxh7+ $18) (40... a2 41. h4+ Kh6
42. Rd6+ $1 $18) 41. h4+ (41. gxf4+ Qxf4 42. Qxe6 Qxf3+ $10 43. Kg1 Qe3+ 44.
Kf1 Rf8+ 45. Rf7 Qc1+ $10) 41... Kh6 42. g4 (42. Qxg7+ $2 Qxg7 43. Rxg7 a2)
42... Rg6 43. Rd2 $16) 39. Rxg7 Qxg7 40. Rxg7 $4 (40. Qxe6+ Qg6 41. Qe7 $1 a2 (
41... Kh5 42. Qe5+ Kh6 43. Qxf4+) 42. Qh4+ Qh5 43. Rxh7+ Kxh7 44. Qxh5+ Kg8 45.
Qg6+ Kh8 46. Qf6+ Kg8 (46... Kh7 47. Qa1 c5 48. Kg1 c4 49. Kf2 c3 50. Ke2 Kg6
51. Kd3 Ra3 52. h4 Kh5 53. e5 Kg6 54. e6 Kf6 55. Kc4 Kxe6 56. Kb4 Ra6 57. Kxc3
Kf5 58. Kd2 $18 {/\Ke2-f2,g3}) 47. Qa1 c5 48. Kg1 c4 49. Kf2 c3 50. Ke2 Ra3 (
50... Kh7 51. Kd3 Ra3 52. e5 Kg6 53. e6 Kf6 54. Kc4 $1 $18) 51. h4 Kf7 (51...
Kg7 52. h5 Kh6 53. g4 $1) 52. h5 Kf6 53. Kd3 Kg5 54. g4 $1 $18) 40... Kxg7 41.
Qxe6 a2 42. Qe5+ Kg6 (42... Kg8 $10) 43. Qa1 c5 44. g3 (44. Kg1 c4 45. Kf2 c3
46. Ke2 Kf7 47. Kd3 Ra3 $1 $10) 44... c4 $1 45. gxf4 c3 46. f5+ Kf7 47. e5 c2
48. e6+ Kg8 49. Qg1+ (49. e7 Kf7 50. e8=Q+ Kxe8 51. Qh8+ Kd7 $10) 49... Kf8 50.
Qc5+ Kg8 1/2-1/2

[Event "Horgen CS"]
[Site "Horgen"]
[Date "1994.??.??"]
[Round "6"]
[White "Benjamin, Joel"]
[Black "Leko, Peter"]
[Result "0-1"]
[WhiteElo "2615"]
[BlackElo "2555"]
[Annotator "Leko,P"]
[PlyCount "120"]
[EventDate "1994.09.??"]
[EventType "tourn"]
[EventRounds "11"]
[EventCountry "SUI"]
[EventCategory "16"]
[SourceTitle "CBM 043"]
[Source "ChessBase"]
[SourceDate "1994.12.01"]
[SourceVersion "1"]
[SourceVersionDate "1994.12.01"]
[SourceQuality "1"]

1. e4 {Ernst Wedberg} e5 2. Nf3 Nc6 3. Bb5 a6 4. Bxc6 dxc6 5. O-O Qd6 6. Na3
Be6 7. Qe2 f6 8. Rd1 O-O-O $1 (8... c5 {Ernst} 9. c3 Bg4 10. Nc2 O-O-O 11. d4
Qc6 $10 {Timman-Xie Jun/Donner memA/1994/}) (8... g5 $6 {Ernst} 9. d4 g4 10.
Ne1 O-O-O 11. Be3 h5 12. d5 $1 $14 {Timman-Short/San Lorenzo/1993/}) 9. d4 Bg4
$1 10. c3 $146 (10. Be3 {Wedberg: Brynell-Almasi/Malmo/1994}) (10. d5 {Ernst}
cxd5 11. Rxd5 Qc6 12. Rxd8+ Kxd8 13. b3 Kc8 $15 {Dobosz-Smejkal/Trencianske
Teplice/1979/}) 10... Qe6 11. Nc2 (11. dxe5 Rxd1+ 12. Qxd1 Bxa3 13. bxa3 fxe5
14. Ng5 Bxd1 15. Nxe6 Nf6 $13) 11... Re8 $5 (11... Ne7 12. dxe5 (12. Ne3 Bh5)
12... Rxd1+ 13. Qxd1 fxe5 14. Ne3 Bh5 $13) 12. Re1 (12. dxe5 $5 {Wedberg} Qxe5
(12... fxe5 13. Ne3 Bh5 14. Nf5 $14) 13. Nxe5 Bxe2 14. Re1 Bh5 15. Nd3 Bd6 $13)
12... exd4 13. Ncxd4 (13. cxd4 $6 f5 $1 14. e5 Ne7 $15) 13... Qd7 (13... Qf7 $6
14. Ne5 $1 fxe5 15. Qxg4+ Kb8 16. Nf5 Nf6 17. Qe2 $16) 14. h3 Bh5 15. Bf4 Ne7
16. Rad1 c5 $8 (16... Ng6 17. Bh2 {+/-/\g4}) 17. Nb3 $1 (17. Nf5 $5 Qc6 18. Ng3
Bf7 19. c4 h5 $1 20. h4 Ng6 $13) 17... Qc6 18. Bh2 (18. c4 $5 {Wedberg /\Qd3,/
\Nd2-b1-c3-d5}) 18... Bf7 19. Qd2 (19. e5 Ng6 20. Qd2 b6 {game}) 19... b6 $1 (
19... Ng6 $2 20. Na5 Qe6 21. e5 {|^+-}) 20. e5 $1 Ng6 21. Re3 $6 (21. e6 Bxe6
22. Nbd4 cxd4 23. Nxd4 Qd7 24. Nxe6 Qxd2 25. Rxd2 Ne5 $1 $10) (21. exf6 gxf6
22. Rxe8+ Qxe8 23. Qd3 $1 c4 24. Qf5+ Qe6 (24... Be6 $2 25. Qe4 $1 $16) 25.
Qxe6+ Bxe6 26. Nbd4 Bd7 $14) 21... Bc4 $1 22. e6 (22. exf6 gxf6 23. Rxe8+ Qxe8
$10) (22. Rde1 $32 {Wedberg}) 22... Bd6 (22... Bxe6 $2 23. Nbd4 cxd4 24. Nxd4
Qd7 25. Nxe6 Qxd2 26. Rxd2 $16) (22... Rxe6 $2 {Wedberg} 23. Qd8+ Kb7 24. Rxe6
Bxe6 25. Nbd4 cxd4 26. Nxd4 Qd7 27. Nxe6 {Ernst} Qxd8 (27... Qxe6 $4 28. Qxc7+
$18) 28. Rxd8 $16) 23. Bxd6 Rd8 $15 {><e6} 24. Qe1 (24. Qc2 $5 Rxd6 25. Rxd6
Qxd6 26. Qe4 Bd5 27. Qg4 Re8 $5 (27... Kb8 $15) 28. Qa4 Rxe6 29. Qxa6+ Bb7 $15)
24... Rxd6 25. Rxd6 Qxd6 26. Nbd2 Bd5 27. c4 Bc6 28. Ne4 Bxe4 $1 (28... Qxe6 $2
29. Nxc5 Qxc4 30. Rc3 Qd5 31. Nxa6 $14 {|^}) 29. Rxe4 Re8 30. b3 $138 Re7 $1 (
30... Nf4 31. e7 Ng6 32. Re6) 31. Re3 Nf8 32. Qb1 Rxe6 33. Rxe6 Qxe6 34. Kf1 g6
35. Ng1 Qd6 36. Nf3 Ne6 37. Qe4 Kd7 38. Kg1 Nd4 39. Qd3 Qe6 $1 40. Kf1 (40.
Nxd4 $2 Qe1+ 41. Kh2 Qe5+ 42. g3 cxd4 $19) 40... Qf5 41. Qxf5+ Nxf5 42. Ke2
Nd4+ 43. Ke3 Nc2+ (43... Nxf3 $2 44. Kxf3 b5 45. Ke4 $10) 44. Kd2 Nb4 $1 45. a3
Nc6 {><b3><a3} 46. Kd3 Ke6 47. Ke4 f5+ 48. Ke3 Kf6 49. g3 (49. h4 $1 $8 h6 50.
g3 g5 51. hxg5+ hxg5 52. Nd2 Nd4 53. Kd3 $15) 49... g5 $1 $17 50. Nd2 Nd4 51.
a4 Ke5 52. Kd3 (52. f4+ gxf4+ 53. gxf4+ Kf6 54. Kf2 Kg6 (54... c6 {Ernst} 55.
Ke3 b5 56. a5 Kg7 57. Kf2 Ne6 58. Ke3 Nd8 59. Nf3 Nb7 $19) 55. Kg3 Kh5 56. Kh2
Kh4 57. Kg2 h6 58. Kh2 Ne2 $19) 52... h5 53. Ke3 f4+ 54. Kd3 (54. gxf4+ gxf4+
55. Kd3 Kf5 {/\Kg5,Kh4-+}) 54... g4 (54... fxg3 55. fxg3 h4 56. gxh4 gxh4 57.
Ke3 Kf5 $19) 55. hxg4 $138 hxg4 56. gxf4+ Kxf4 57. Kc3 Nf3 58. Nf1 Ne5 $1 59.
Nh2 (59. Nd2 c6 $1 (59... Nc6 {Ernst} 60. Kd3 Nd4 61. Kc3 Ne2+ 62. Kd3 Ng1 63.
Kc3 Nh3 $19) 60. Kc2 b5 61. axb5 cxb5 62. cxb5 axb5 63. Kc3 b4+ 64. Kc2 Nf3 65.
Nf1 Ng5 (65... Nd4+ 66. Kd3 Nxb3 67. Kc4 $10) 66. Kd3 Ne4 67. Ke2 c4 $1 68.
bxc4 b3 $19) 59... Ke4 60. Kc2 Kd4 (60... Kd4 61. Kd2 Nf3+ 62. Nxf3+ gxf3 63.
Kc2 c6 64. Kd2 b5 $19) 0-1

[Event "Olympiad-32"]
[Site "Yerevan"]
[Date "1996.09.20"]
[Round "5.2"]
[White "Arencibia Rodriguez, Walter"]
[Black "Giorgadze, Giorgi"]
[Result "0-1"]
[WhiteElo "2555"]
[BlackElo "2580"]
[Annotator "Makarichev,S"]
[PlyCount "52"]
[EventDate "1996.09.15"]
[EventType "team-swiss"]
[EventRounds "14"]
[EventCountry "ARM"]
[SourceTitle "CBM 055"]
[Source "ChessBase"]
[SourceDate "1996.12.01"]
[SourceVersion "1"]
[SourceVersionDate "1996.12.01"]
[SourceQuality "1"]
[WhiteTeam "Cuba"]
[BlackTeam "Georgia"]
[WhiteTeamCountry "CUB"]
[BlackTeamCountry "GEO"]

1. e4 e5 2. Nf3 Nc6 3. Bb5 a6 4. Bxc6 dxc6 5. O-O Qd6 6. Na3 Be6 7. Ng5 Bd7 8.
Nc4 Qg6 9. d4 f6 10. f4 $5 exf4 $1 $8 (10... fxg5 $6 11. Nxe5 Qd6 12. fxg5 $16
{xf7/}) 11. Nf3 O-O-O 12. Qd3 (12. Bxf4 $5 Qxe4 13. Qd2 $44 g5 $4 14. Bxc7 $1
Kxc7 15. Qa5+ Kc8 16. Nb6+ $16) 12... Re8 $1 {N/} (12... Qh6 13. Nfd2 $1 g5 14.
Na5 Be6 15. Ndb3 Bb4 16. Nxc6 $1 $16 {Rausis,I-Herbrechtsmeier,C/Viernsheim/
1992/}) 13. Re1 Qg4 $15 {xf4} 14. Bd2 Ne7 $1 15. Ba5 Kb8 $1 16. Qb3 {/\Ba5xc7/}
Nc8 17. Kh1 Qh5 $1 $17 18. Bd2 g5 19. e5 (19. Na5 Nb6) 19... g4 20. Ng1 f3 $1
$19 21. gxf3 (21. exf6 fxg2+ 22. Kxg2 Qd5+ 23. Kf1 Qf5+ 24. Kg2 Be6 {/\Be6-d5/}
) 21... Be6 $1 22. Qd3 gxf3 23. Rf1 Rg8 24. Ne3 (24. Nxf3 Bd5 25. Rf2 Rg3 26.
Raf1 Qh3 $1 27. Bf4 Bxf3+ 28. Rxf3 Qg2#) 24... fxe5 25. dxe5 Bh6 26. Nxf3 Rg3
0-1